000 00423nam a2200181Ia 4500
003 OSt
005 20251223122712.0
008 220917b |||||||| |||| 00| 0 eng d
037 _cTB
040 _aARTS
_cARTS
_beng
041 _2eng
_aeng
084 _aR3z7 L2
_qAL
245 0 _aReason and reality
260 _c1972
490 _vV5
942 _hR3z7, L2-;1 (TTO)
_cTB
_2CC
_n0
999 _c158989
_d158989